01375 a2200181 45000010006000000050017000060080041000230030015000640400040000790800104001192450015002232500012002382640036002503000019002865050858003050410008011631000022011715454820260407155819.0260407a1965 arg spa dAR-UNSa-BCEJYS aAR-UNSa-BCEJYSbspacAR-UNSa-BCEJYS a330.1xCiencia económica. Conceptos fundamentales de teoría económica. Valor. Capital. Fondos10aEconomía a2a. ed. 1aMadrid :bEdiciones Rialpc1965 a196 p.c18 cm. a1. El hombre frente al problema económico – 2. Soluciones voluntaristas del problema económico – 3. Soluciones naturalistas del problema económico – 4. Soluciones neovoluntarias del problema económico – 5. Significado de las distintas soluciones teóricas – 6. Fuerzas y resistencias frente al problema económico – 7. Aspiraciones contemporáneas para resolver el problema económico – 8. Enseñanza social de la iglesia y problema económico – 9. Economistas y políticos frente al problema económico. 1. Procesos económicos: generalidades – 2. Dinero, precios e interés – 3. Nomenclatura del macroanálisis – 4. Nomeclanclatura del microanálisis – 5. Terminología esotérica – 6. Procesos económicos atípicos – 7. La economía como ciencia: primeros pasos – 8. Keynesianismo monetarismo.  aspa1 aFanfani, Amintore